[Event "4NCL Division 3s"]
[Site "Daventry Court ENG"]
[Date "2015.02.14"]
[Round "5.55"]
[White "Maciol, Ryszard"]
[Black "Piper, Stephen J"]
[Result "1-0"]
[WhiteElo "2210"]
[BlackElo "2047"]
[PlyCount "61"]
[EventDate "2015.02.14"]
[WhiteTeam "Celtic Tigers 1"]
[BlackTeam "The Rookies"]

1. d4 Nf6 2. c4 e6 3. Nc3 Bb4 4. e3 Bxc3+ 5. bxc3 O-O 6. Bd3 d6 7. e4 Nbd7 8.
Ne2 e5 9. Ng3 Re8 10. O-O Nf8 11. f4 c5 12. fxe5 dxe5 13. Bg5 cxd4 14. Bxf6
gxf6 15. Nh5 f5 16. exf5 Qh4 17. cxd4 Qxd4+ 18. Kh1 Qh4 19. Rf3 Kh8 20. Rg3 Rd8
21. Qe2 f6 22. Bc2 Rd4 23. c5 h6 24. Rd1 Rxd1+ 25. Qxd1 Bd7 26. Qd5 Be6 27.
fxe6 Qxh5 28. e7 Nh7 29. Bg6 Qe2 30. Qd8+ Kg7 31. Qd3 1-0

[Event "4NCL Division 3s"]
[Site "Daventry Court ENG"]
[Date "2015.02.14"]
[Round "5.56"]
[White "Jones, Christopher M"]
[Black "Kemp, Peter"]
[Result "1-0"]
[WhiteElo "2077"]
[BlackElo "2197"]
[PlyCount "76"]
[EventDate "2015.02.14"]
[WhiteTeam "The Rookies"]
[BlackTeam "Celtic Tigers 1"]

1. e4 e5 2. Nf3 Nc6 3. Nc3 Nf6 4. d4 exd4 5. Nxd4 Bb4 6. Nxc6 bxc6 7. Bd3 d5 8.
exd5 cxd5 9. O-O O-O 10. Bg5 c6 11. Qf3 Be7 12. Rae1 Rb8 13. Qe3 Be6 14. Qxa7
Rxb2 15. Rb1 Rxb1 16. Rxb1 Qd6 17. Ne2 Qc5 18. Rb7 Qxa7 19. Rxa7 Bc5 20. Ra5
Nd7 21. Bf4 h6 22. h3 Rc8 23. c3 Be7 24. Nd4 Bf6 25. Ra7 Nc5 26. Bc2 g5 27. Bd6
Ne4 28. Bxe4 Bxd4 29. cxd4 dxe4 30. a4 Rd8 31. Bc5 Rb8 32. a5 Rb1+ 33. Kh2 Bd5
34. a6 e3 35. fxe3 Rb2 36. Kg1 Rxg2+ 37. Kf1 Ra2 38. Ra8+ Kg7 1-0

[Event "4NCL Division 3s"]
[Site "Daventry Court ENG"]
[Date "2015.02.14"]
[Round "5.57"]
[White "Pedersen, Carsten"]
[Black "Compton, Alistair"]
[Result "1/2-1/2"]
[WhiteElo "2154"]
[BlackElo "2084"]
[PlyCount "73"]
[EventDate "2015.02.14"]
[WhiteTeam "Celtic Tigers 1"]
[BlackTeam "The Rookies"]

1. e4 e6 2. d4 d5 3. Nc3 Bb4 4. e5 Ne7 5. a3 Bxc3+ 6. bxc3 b6 7. Qg4 Ng6 8. h4
h5 9. Qg3 Ba6 10. Bxa6 Nxa6 11. Ne2 Kf8 12. Bg5 Qd7 13. a4 Nb8 14. Qf3 c5 15.
Ng3 Nc6 16. Rd1 Na5 17. Nxh5 Qxa4 18. Nxg7 Kxg7 19. Bf6+ Kg8 20. Bxh8 Nxh8 21.
Rh3 Qxc2 22. Rg3+ Kf8 23. Qf6 Qh7 24. Rg5 cxd4 25. Rxd4 Nc6 26. Rdg4 Ne7 27.
Kd2 a5 28. Rg7 Qf5 29. Qh6 Qxf2+ 30. Kc1 Qf1+ 31. Kb2 Qb5+ 32. Ka1 Qf1+ 33. Ka2
Qf2+ 34. Ka3 Qc5+ 35. Kb2 Qb5+ 36. Ka1 Qf1+ 37. Ka2 1/2-1/2

[Event "4NCL Division 3s"]
[Site "Daventry Court ENG"]
[Date "2015.02.14"]
[Round "5.58"]
[White "Jaszkiwskyj, Peter"]
[Black "Way, Julian"]
[Result "1-0"]
[WhiteElo "1953"]
[BlackElo "2011"]
[PlyCount "91"]
[EventDate "2015.02.14"]
[WhiteTeam "The Rookies"]
[BlackTeam "Celtic Tigers 1"]

1. d4 d6 2. Nf3 Bg4 3. e3 Nf6 4. Be2 c6 5. O-O e6 6. c4 Be7 7. Nc3 d5 8. b3 O-O
9. Bb2 Nbd7 10. Rc1 Re8 11. h3 Bf5 12. Bd3 Ne4 13. Qc2 Ndf6 14. Ne5 Bf8 15. Ne2
a5 16. c5 Nd7 17. f4 Nxe5 18. fxe5 Qh4 19. Rf3 g5 20. Rcf1 Kh8 21. Bc3 Be7 22.
Be1 Qh6 23. Ng3 Bg6 24. Nxe4 dxe4 25. Bxe4 g4 26. hxg4 Bg5 27. Bxg6 Bxe3+ 28.
Rxe3 Qxe3+ 29. Bf2 Qf4 30. Bh5 Rad8 31. Qd3 Rd7 32. Bh4 Qh6 33. Qh3 Kg8 34. Bf6
Qd2 35. g5 Qxd4+ 36. Kh2 Qe4 37. Rf3 Rf8 38. g6 fxg6 39. Qxe6+ Rdf7 40. Bg4 h5
41. Bh3 Kh7 42. Qd6 Kh6 43. Qd2+ Kh7 44. Qg5 Qd5 45. Bf5 Rg8 46. Qxh5# 1-0

[Event "4NCL Division 3s"]
[Site "Daventry Court ENG"]
[Date "2015.02.14"]
[Round "5.59"]
[White "Skulte, Chris"]
[Black "Gibson, Christopher A"]
[Result "0-1"]
[WhiteElo "1970"]
[BlackElo "1985"]
[PlyCount "64"]
[EventDate "2015.02.14"]
[WhiteTeam "Celtic Tigers 1"]
[BlackTeam "The Rookies"]

1. e4 c5 2. Nf3 Nc6 3. d4 cxd4 4. Nxd4 Nf6 5. Nc3 e5 6. Ndb5 d6 7. a4 Be7 8.
Bc4 a6 9. Na3 Be6 10. Bg5 O-O 11. Bxf6 Bxf6 12. Nd5 Bg5 13. h4 Bh6 14. g4 Bf4
15. c3 Rb8 16. Nxf4 exf4 17. Bd5 Ne5 18. Bxe6 fxe6 19. f3 Qb6 20. Qe2 Rbc8 21.
O-O-O Rc6 22. Nc2 Rfc8 23. Rd4 Nc4 24. Nb4 Rc5 25. Nd3 R5c7 26. Nxf4 Nxb2 27.
Nxe6 Rxc3+ 28. Kd2 Rc2+ 29. Ke1 Rxe2+ 30. Kxe2 Rc2+ 31. Ke3 Qb3+ 32. Kf4 Qxe6
0-1

[Event "4NCL Division 3s"]
[Site "Daventry Court ENG"]
[Date "2015.02.14"]
[Round "5.60"]
[White "Ressel, Eva"]
[Black "Wagner, Guy"]
[Result "1-0"]
[WhiteElo "1561"]
[BlackElo "1839"]
[PlyCount "69"]
[EventDate "2015.02.14"]
[WhiteTeam "The Rookies"]
[BlackTeam "Celtic Tigers 1"]

1. e4 d5 2. exd5 Qxd5 3. Nc3 Qd6 4. d4 Nf6 5. Nf3 a6 6. Bc4 e6 7. O-O Be7 8. a4
O-O 9. Re1 Nbd7 10. Ne5 Nb6 11. Bb3 Rd8 12. Be3 Bf8 13. Ne2 Nbd5 14. Ng3 Nxe3
15. fxe3 b6 16. Nh5 Nxh5 17. Qxh5 g6 18. Qf3 f6 19. Qxa8 fxe5 20. Qe4 Bg7 21.
Rad1 Qb4 22. Qc6 Qd6 23. Qxd6 cxd6 24. c3 Kf7 25. Rf1+ Ke7 26. Rf2 exd4 27.
exd4 Bd7 28. Rdf1 Be8 29. Re2 e5 30. Rd1 g5 31. g4 h5 32. h3 hxg4 33. hxg4 Bc6
34. Rf1 b5 35. Rf7+ 1-0

[Event "4NCL Division 3s"]
[Site "Daventry Court ENG"]
[Date "2015.02.14"]
[Round "5.65"]
[White "Ross, Chris N"]
[Black "Buckley, David E"]
[Result "1/2-1/2"]
[WhiteElo "2170"]
[BlackElo "2269"]
[PlyCount "130"]
[EventDate "2015.02.14"]
[WhiteTeam "e2e4.org.uk 2"]
[BlackTeam "Downend & Fishponds"]

1. e4 e6 2. d4 d5 3. Nd2 Be7 4. Ngf3 Nf6 5. e5 Nfd7 6. Bd3 c5 7. c3 Nc6 8. O-O
g5 9. Bb5 cxd4 10. cxd4 g4 11. Ne1 Nxd4 12. Bxd7+ Bxd7 13. Qxg4 Nf5 14. Nef3
Qb6 15. Nb3 O-O-O 16. Bd2 Rdg8 17. Qf4 Kb8 18. Ba5 Qa6 19. Bc3 h5 20. Nbd4 Rg4
21. Qd2 Rhg8 22. g3 Nxd4 23. Bxd4 Bb5 24. Rfe1 h4 25. Rac1 hxg3 26. hxg3 Re8
27. a4 Qxa4 28. Ra1 Qb4 29. Bxa7+ Kc8 30. Qe3 Re4 31. Rec1+ Bc6 32. Qd3 Rc4 33.
b3 Rxc1+ 34. Rxc1 Qa3 35. Be3 Kd7 36. Nd4 Rc8 37. Qh7 Rf8 38. Kg2 Qa8 39. Rh1
Qe8 40. Qd3 Qa8 41. Rh7 Rh8 42. Rxf7 Qg8 43. Rf4 Qe8 44. Nxc6 Qh5 45. Kf1 Kxc6
46. Qd4 Kd7 47. g4 Qh1+ 48. Ke2 Ra8 49. Qb6 Ra2+ 50. Bd2 Qc1 51. Qxb7+ Ke8 52.
Qb5+ Kd8 53. Qb8+ Kd7 54. Qb7+ Ke8 55. Qb5+ Kd8 56. Rd4 Qc2 57. Qb8+ Kd7 58.
Qb7+ Ke8 59. Rd3 Bc5 60. Qb8+ Kd7 61. Qb7+ Kd8 62. Qb8+ Kd7 63. Qb7+ Kd8 64.
Qb8+ Kd7 65. Qb7+ Kd8 1/2-1/2

[Event "4NCL Division 3s"]
[Site "Daventry Court ENG"]
[Date "2015.02.14"]
[Round "5.66"]
[White "Russell, Chris"]
[Black "Barnes, Michael H"]
[Result "1-0"]
[WhiteElo "2089"]
[BlackElo "2203"]
[PlyCount "87"]
[EventDate "2015.02.14"]
[WhiteTeam "Downend & Fishponds"]
[BlackTeam "e2e4.org.uk 2"]

1. e4 c5 2. c3 e6 3. d4 d5 4. exd5 exd5 5. Be3 c4 6. b3 cxb3 7. axb3 Nc6 8. Nf3
Bd6 9. Bd3 Nge7 10. O-O Bf5 11. c4 O-O 12. Nc3 Bxd3 13. Qxd3 Bb4 14. Ne2 Qd7
15. Ng3 f5 16. Bf4 Ng6 17. Bd2 Bxd2 18. Qxd2 Rad8 19. Rfe1 a6 20. Rad1 f4 21.
Nf1 Qf5 22. h3 Rfe8 23. Rxe8+ Rxe8 24. Re1 Rd8 25. c5 h6 26. N1h2 Kh7 27. Ng4
Rf8 28. Qe2 h5 29. Ngh2 Rf7 30. Qe6 Qf6 31. Qxd5 Kh6 32. Re6 Qf5 33. Qxf5 Rxf5
34. Kf1 Kh7 35. Ke2 Nge7 36. Kd3 Kg8 37. Ke4 Kf7 38. Rd6 Ke8 39. h4 Nb4 40. Rb6
Nbd5 41. Rxb7 Nf6+ 42. Kd3 g6 43. Ne5 Kd8 44. Nf7+ 1-0

[Event "4NCL Division 3s"]
[Site "Daventry Court ENG"]
[Date "2015.02.14"]
[Round "5.67"]
[White "Taylor, Adam A"]
[Black "Savory, Richard"]
[Result "1/2-1/2"]
[WhiteElo "2070"]
[BlackElo "2116"]
[PlyCount "90"]
[EventDate "2015.02.14"]
[WhiteTeam "e2e4.org.uk 2"]
[BlackTeam "Downend & Fishponds"]

1. Nf3 c5 2. c4 Nc6 3. d4 cxd4 4. Nxd4 Nf6 5. Nc3 e6 6. Ndb5 d6 7. g3 a6 8. Nd4
Nxd4 9. Qxd4 Bd7 10. Bg2 Bc6 11. O-O Be7 12. b3 O-O 13. Bb2 Rc8 14. Rad1 Qc7
15. Qf4 Rfd8 16. e3 d5 17. Qxc7 Rxc7 18. cxd5 Nxd5 19. Nxd5 Bxd5 20. Bxd5 Rxd5
21. Rxd5 exd5 22. Rd1 Rc2 23. Be5 f6 24. Bf4 Rxa2 25. Rxd5 b5 26. h4 Ra3 27.
Bd6 Bxd6 28. Rxd6 a5 29. Ra6 Kf7 30. Kg2 h5 31. Kf3 Kg6 32. Ke2 Kf5 33. f3 Ke5
34. Ra7 g6 35. g4 Rxb3 36. gxh5 gxh5 37. Rxa5 f5 38. Ra8 Rb2+ 39. Kd3 Rb3+ 40.
Kd2 Kd5 41. Rf8 Rb2+ 42. Kd3 Rb3+ 43. Kd2 Ke5 44. Rh8 Rb2+ 45. Kd3 Rb3+ 1/2-1/2

[Event "4NCL Division 3s"]
[Site "Daventry Court ENG"]
[Date "2015.02.14"]
[Round "5.68"]
[White "Hosken, Nigel K"]
[Black "Horspool, Philip J"]
[Result "1-0"]
[WhiteElo "2105"]
[BlackElo "2023"]
[PlyCount "104"]
[EventDate "2015.02.14"]
[WhiteTeam "Downend & Fishponds"]
[BlackTeam "e2e4.org.uk 2"]

1. d4 Nf6 2. c4 c5 3. d5 b5 4. cxb5 a6 5. f3 d6 6. e4 g6 7. a4 Bg7 8. Na3 O-O
9. Ne2 axb5 10. Nxb5 Nfd7 11. Nec3 Na6 12. Bg5 h6 13. Be3 Nc7 14. Qd2 Kh7 15.
Ra3 Nxb5 16. Nxb5 Ba6 17. Be2 Qb8 18. O-O Rc8 19. Rc1 Qb7 20. Kh1 Nf6 21. Bc4
Ne8 22. Rb3 Qd7 23. Qd3 Rcb8 24. Bd2 Rb7 25. Bc3 Rab8 26. Bxg7 Nxg7 27. Rbc3
Ne8 28. Nxd6 exd6 29. Bxa6 Rxb2 30. Bb5 Qe7 31. Rb1 Rxb1+ 32. Qxb1 Nc7 33. Rb3
Qe5 34. Qb2 Qxb2 35. Rxb2 Kg7 36. Kg1 g5 37. Kf2 Kf6 38. Ke3 Na6 39. g3 Ke7 40.
f4 Nb4 41. Rf2 gxf4+ 42. Kxf4 f5 43. Re2 Kf6 44. e5+ Kf7 45. exd6 Nxd5+ 46.
Kxf5 Nc3 47. Re7+ Kf8 48. Ke6 Nxb5 49. axb5 Rxb5 50. Rf7+ Kg8 51. Rf5 Rb2 52.
d7 Re2+ 1-0

[Event "4NCL Division 3s"]
[Site "Daventry Court ENG"]
[Date "2015.02.14"]
[Round "5.69"]
[White "Mansson, James C"]
[Black "Meadows, Mike"]
[Result "0-1"]
[WhiteElo "2078"]
[BlackElo "1888"]
[PlyCount "74"]
[EventDate "2015.02.14"]
[WhiteTeam "e2e4.org.uk 2"]
[BlackTeam "Downend & Fishponds"]

1. d4 Nf6 2. c4 e5 3. dxe5 Ng4 4. Nf3 Bc5 5. e3 Nc6 6. Be2 Ngxe5 7. Nxe5 Nxe5
8. Nc3 O-O 9. O-O Re8 10. b3 a5 11. Na4 Bf8 12. Bb2 Ra6 13. f4 Rd6 14. fxe5
Rxd1 15. Raxd1 Qg5 16. Rf3 d6 17. Rg3 Qh6 18. exd6 cxd6 19. Bd4 Bd7 20. Nb6 Bc6
21. Nd5 Bxd5 22. cxd5 Qh4 23. Bd3 g6 24. Rf1 Bg7 25. Bxg7 Kxg7 26. Rf4 Qd8 27.
Rgf3 Re7 28. h4 Qb6 29. Kf2 Qc5 30. Ke2 Qa3 31. h5 Qxa2+ 32. Kd1 Qxb3+ 33. Kd2
b5 34. hxg6 hxg6 35. e4 a4 36. Bc2 Qb4+ 37. Kd1 a3 0-1

[Event "4NCL Division 3s"]
[Site "Daventry Court ENG"]
[Date "2015.02.14"]
[Round "5.70"]
[White "Thompson, Rob"]
[Black "Garnett, John S"]
[Result "1/2-1/2"]
[WhiteElo "2001"]
[BlackElo "2015"]
[PlyCount "104"]
[EventDate "2015.02.14"]
[WhiteTeam "Downend & Fishponds"]
[BlackTeam "e2e4.org.uk 2"]

1. Nf3 d5 2. g3 c5 3. Bg2 Nf6 4. O-O Nc6 5. c4 g6 6. cxd5 Nxd5 7. Nc3 Bg7 8.
Qb3 Nxc3 9. bxc3 O-O 10. Qb5 Qa5 11. Qxa5 Nxa5 12. Ba3 b6 13. d4 Ba6 14. dxc5
Bxc3 15. Rac1 Bf6 16. Nd2 Rac8 17. Ne4 Rfe8 18. Bh3 Rc7 19. cxb6 Rxc1 20. Rxc1
axb6 21. Bd7 Rb8 22. Nxf6+ exf6 23. Bd6 Ra8 24. Bg4 Nc4 25. Bf4 Ne5 26. Bxe5
fxe5 27. Rc6 f5 28. Bf3 e4 29. Bg2 Bxe2 30. Bf1 Bxf1 31. Kxf1 Rxa2 32. Rxb6 e3
33. fxe3 Rxh2 34. Rb7 Ra2 35. Rc7 Ra8 36. Kf2 Rf8 37. Kf3 Rf7 38. Rc4 Re7 39.
Ra4 Kg7 40. Rb4 Kf6 41. Rb6+ Re6 42. Rb7 h5 43. Rb4 Ra6 44. Rc4 Ra2 45. Rc6+
Kg5 46. Rc4 Ra6 47. Rb4 Kf6 48. Rc4 g5 49. Rb4 Rd6 50. Rb5 h4 51. gxh4 gxh4 52.
Kf4 Kg6 1/2-1/2

[Event "4NCL Division 3s"]
[Site "Daventry Court ENG"]
[Date "2015.02.14"]
[Round "5.76"]
[White "Hughes, Roy"]
[Black "Brackmann, Hendrik"]
[Result "1-0"]
[WhiteElo "2005"]
[BlackElo "1995"]
[PlyCount "41"]
[EventDate "2015.02.14"]
[WhiteTeam "Broadland Bitterns [1]"]
[BlackTeam "Oxford 2"]

1. d4 Nf6 2. Nf3 g6 3. Bf4 Bg7 4. e3 O-O 5. c4 d6 6. Nc3 c5 7. Be2 Bf5 8. Qb3
Na6 9. a3 Qa5 10. O-O Nc7 11. Rfe1 Rfb8 12. Rac1 b5 13. cxb5 a6 14. dxc5 Nxb5
15. Nxb5 e5 16. Bg3 Ne4 17. cxd6 Nxd6 18. Qc3 Rxb5 19. Bxb5 Qxb5 20. Bxe5 Ne4
21. Qc6 1-0

[Event "4NCL Division 3s"]
[Site "Daventry Court ENG"]
[Date "2015.02.14"]
[Round "5.78"]
[White "Dilleigh, Stephen P"]
[Black "Foster, Chantelle L"]
[Result "1/2-1/2"]
[WhiteElo "2118"]
[BlackElo "1807"]
[PlyCount "112"]
[EventDate "2015.02.14"]
[WhiteTeam "Broadland Bitterns [1]"]
[BlackTeam "Oxford 2"]

1. Nf3 d5 2. d4 Nf6 3. c4 c6 4. Nc3 dxc4 5. a4 Bf5 6. Ne5 Nbd7 7. Nxc4 Nb6 8.
Ne5 a5 9. g3 e6 10. Bg2 Be7 11. O-O O-O 12. e4 Bg6 13. Be3 Nfd7 14. Nxg6 hxg6
15. Qe2 Rc8 16. Rfd1 Qc7 17. d5 exd5 18. exd5 Bd6 19. dxc6 bxc6 20. Rac1 Qb8
21. Bh3 Rcd8 22. Ne4 Bc7 23. Bg5 Nf6 24. Nxf6+ gxf6 25. Bxf6 Rxd1+ 26. Qxd1 Be5
27. Bxe5 Qxe5 28. b3 c5 29. Qd2 c4 30. bxc4 Nxa4 31. c5 Nxc5 32. Qxa5 Nd3 33.
Qxe5 Nxe5 34. f4 Nd3 35. Rc8 Rxc8 36. Bxc8 f5 37. Ba6 Nc5 38. Bc4+ Kg7 39. Kf2
Kf6 40. Ke3 Nb7 41. Kd4 Nd6 42. Bd3 Nb7 43. Kd5 Nd8 44. Bb5 Ne6 45. Bd7 Ng7 46.
Kd6 Nh5 47. Bc6 g5 48. fxg5+ Kxg5 49. Bf3 f4 50. h4+ Kf6 51. g4 Ng7 52. Kd5 Nf5
53. h5 Nh6 54. Ke4 Kg5 55. Be2 Nxg4 56. Bxg4 Kh6 1/2-1/2

[Event "4NCL Division 3s"]
[Site "Daventry Court ENG"]
[Date "2015.02.14"]
[Round "5.79"]
[White "Colburn, Paul J"]
[Black "McEwan, Ken B"]
[Result "1-0"]
[WhiteElo "1938"]
[BlackElo "2088"]
[PlyCount "95"]
[EventDate "2015.02.14"]
[WhiteTeam "Oxford 2"]
[BlackTeam "Broadland Bitterns [1]"]

1. Nf3 c5 2. c4 Nc6 3. d4 cxd4 4. Nxd4 g6 5. e4 Bg7 6. Be3 Nf6 7. Nc3 d6 8. Be2
a6 9. O-O O-O 10. Rc1 Nd7 11. Qd2 Re8 12. a3 Nc5 13. Bd1 Ne5 14. b3 Ng4 15. b4
Nxe3 16. Qxe3 e5 17. Nde2 Ne6 18. Nd5 Bd7 19. Nec3 f5 20. exf5 gxf5 21. Qb6 Bc6
22. Ba4 Nd4 23. Qxd8 Raxd8 24. Rfe1 b5 25. cxb5 axb5 26. Bd1 Rd7 27. a4 bxa4
28. Bxa4 Rc8 29. Nb6 Rdc7 30. Nxc8 Rxc8 31. Nd5 Kf7 32. b5 Bb7 33. Rxc8 Bxc8
34. Kf1 Bh6 35. b6 Ba6+ 36. Kg1 Bb7 37. Nc7 Bd2 38. Be8+ Kf8 39. Ra1 Ne2+ 40.
Kf1 Nf4 41. Ra7 Bxg2+ 42. Kg1 Be4 43. b7 Nh3+ 44. Kf1 Bd3+ 45. Kg2 Nf4+ 46. Kg3
Ne2+ 47. Kh4 h6 48. Ne6+ 1-0

[Event "4NCL Division 3s"]
[Site "Daventry Court ENG"]
[Date "2015.02.14"]
[Round "5.85"]
[White "Punnett, Alan"]
[Black "Maleki, Manuel"]
[Result "1-0"]
[WhiteElo "2050"]
[BlackElo "2266"]
[PlyCount "55"]
[EventDate "2015.02.14"]
[WhiteTeam "Guildford 4"]
[BlackTeam "Fermented Sharks"]

1. e4 c5 2. Nf3 e6 3. d4 cxd4 4. Nxd4 a6 5. Be2 Qc7 6. O-O d6 7. c4 Nf6 8. Nc3
b6 9. Be3 Bb7 10. f3 Be7 11. Rc1 Nbd7 12. Qe1 O-O 13. g4 g6 14. Qg3 Rfe8 15. h4
Rac8 16. h5 d5 17. Qxc7 Rxc7 18. cxd5 exd5 19. hxg6 dxe4 20. gxf7+ Kxf7 21. g5
exf3 22. Bxf3 Bc5 23. Bh5+ Kg8 24. Bxe8 Nxe8 25. Rce1 Ne5 26. Ne6 Rc6 27. Nxc5
bxc5 28. Bf4 1-0

[Event "4NCL Division 3s"]
[Site "Daventry Court ENG"]
[Date "2015.02.14"]
[Round "5.86"]
[White "Thorarinsson, Pall"]
[Black "Smart, Mike"]
[Result "1-0"]
[WhiteElo "2230"]
[BlackElo "2011"]
[PlyCount "59"]
[EventDate "2015.02.14"]
[WhiteTeam "Fermented Sharks"]
[BlackTeam "Guildford 4"]

1. Nf3 Nf6 2. c4 e6 3. Nc3 d5 4. d4 c6 5. Bg5 Be7 6. e3 Nbd7 7. cxd5 exd5 8.
Qc2 h6 9. Bh4 O-O 10. Bd3 Re8 11. O-O Ne4 12. Bxe7 Qxe7 13. b4 Ndf6 14. b5 Nxc3
15. Qxc3 Ne4 16. Qc2 Bd7 17. bxc6 Bxc6 18. Ne5 Rac8 19. Rfc1 Bd7 20. Qb2 Bf5
21. Be2 b6 22. Ba6 Rxc1+ 23. Rxc1 Ng5 24. Nc6 Qe4 25. Ne5 Rxe5 26. dxe5 Bh7 27.
Bf1 Qg4 28. f4 Nf3+ 29. Kh1 Nh4 30. Qf2 1-0

[Event "4NCL Division 3s"]
[Site "Daventry Court ENG"]
[Date "2015.02.14"]
[Round "5.87"]
[White "Lydiard, Robert  G"]
[Black "Farkas, Daniel"]
[Result "1-0"]
[WhiteElo "1988"]
[BlackElo "2142"]
[PlyCount "127"]
[EventDate "2015.02.14"]
[WhiteTeam "Guildford 4"]
[BlackTeam "Fermented Sharks"]

1. d4 d5 2. Nf3 Nc6 3. c4 Bg4 4. Nc3 e6 5. e3 Bb4 6. Be2 Nge7 7. O-O dxc4 8.
Bxc4 O-O 9. Be2 a6 10. Qb3 Rb8 11. Rd1 Qd6 12. e4 Bxf3 13. Bxf3 e5 14. dxe5
Qxe5 15. Nd5 Bd6 16. Bf4 Qe6 17. Nxe7+ Qxe7 18. Bxd6 cxd6 19. g3 Ne5 20. Bg2
Rbc8 21. Rd4 Nc6 22. Rd5 Rfd8 23. Rad1 Ne5 24. Qb4 Rc6 25. b3 Qc7 26. f4 Ng4
27. Qd4 Rc1 28. Bf3 Rxd1+ 29. Bxd1 Nf6 30. Rg5 h6 31. Rf5 Re8 32. Bf3 Qc6 33.
Qd3 Nxe4 34. Kg2 Re6 35. g4 Qe8 36. b4 Qe7 37. Rd5 Nf6 38. Rd4 Ne8 39. b5 Re3
40. Qc4 a5 41. b6 Qd7 42. Qd5 Re7 43. Qxa5 Nf6 44. h3 d5 45. g5 hxg5 46. fxg5
Ne4 47. Rxd5 Qc6 48. Rd8+ Kh7 49. Qf5+ g6 50. Bxe4 Qxb6 51. Qc8 Qb2+ 52. Kf3
Qe5 53. Qg4 Qc3+ 54. Bd3 Qc6+ 55. Kf2 Re8 56. Qh4+ Kg8 57. Rxe8+ Qxe8 58. Qf4
Qd7 59. Bc4 Kg7 60. h4 b5 61. Bb3 Qb7 62. Kg3 Qe7 63. Qf6+ Kf8 64. Qxf7+ 1-0

[Event "4NCL Division 3s"]
[Site "Daventry Court ENG"]
[Date "2015.02.14"]
[Round "5.88"]
[White "Agnew, Alan"]
[Black "Stimpson, Phil"]
[Result "1/2-1/2"]
[WhiteElo "2092"]
[BlackElo "1995"]
[PlyCount "127"]
[EventDate "2015.02.14"]
[WhiteTeam "Fermented Sharks"]
[BlackTeam "Guildford 4"]

1. e4 e5 2. Nf3 Nc6 3. d4 exd4 4. c3 dxc3 5. Nxc3 Bb4 6. Bc4 Nf6 7. O-O Bxc3 8.
bxc3 d6 9. e5 Nxe5 10. Nxe5 dxe5 11. Qb3 Qe7 12. Ba3 c5 13. Bb5+ Bd7 14. Bxd7+
Qxd7 15. Bxc5 Ne4 16. Ba3 Nd2 17. Qb4 O-O-O 18. Rfe1 Rhe8 19. Rad1 Kb8 20. Bc1
Nf3+ 21. gxf3 Qxd1 22. Rxd1 Rxd1+ 23. Kg2 Rxc1 24. Qd6+ Ka8 25. Qd2 Rb1 26. Qd7
Rf8 27. Qe7 Rc8 28. Qd7 Rh8 29. Qxf7 Rb6 30. Qe7 a6 31. Qxe5 Rc8 32. f4 g6 33.
f5 gxf5 34. Qxf5 Rg6+ 35. Kf1 Rxc3 36. Qf7 Rc1+ 37. Ke2 Rgc6 38. Qxh7 R1c2+ 39.
Kf1 Ka7 40. h4 Rxa2 41. Qf5 Rb2 42. Kg2 Rb5 43. Qg4 a5 44. Kg3 Rb3+ 45. f3 Rb4
46. Qg5 Ka6 47. Qd2 Rg6+ 48. Kh3 Rf6 49. Kg3 Rc4 50. h5 Rc8 51. Qd3+ b5 52. Kh4
Rh8 53. Kg5 Rfh6 54. f4 Rxh5+ 55. Kg6 R5h6+ 56. Kg7 Rc6 57. f5 Rhh6 58. Qd8
Rhd6 59. Qa8+ Kb6 60. f6 Rxf6 61. Qb8+ Kc5 62. Qe5+ Kb4 63. Qe4+ Kc3 64. Qe3+
1/2-1/2

[Event "4NCL Division 3s"]
[Site "Daventry Court ENG"]
[Date "2015.02.14"]
[Round "5.89"]
[White "Shepley, Julien"]
[Black "Stevenson, James AB"]
[Result "0-1"]
[WhiteElo "1974"]
[BlackElo "2071"]
[PlyCount "80"]
[EventDate "2015.02.14"]
[WhiteTeam "Guildford 4"]
[BlackTeam "Fermented Sharks"]

1. e4 c5 2. Nc3 a6 3. Nf3 d6 4. d4 cxd4 5. Nxd4 Nf6 6. h3 e6 7. Qf3 Qc7 8. Be3
Nbd7 9. Be2 b5 10. Bxb5 axb5 11. Ndxb5 Qb8 12. O-O Bb7 13. Rad1 Ra6 14. Rfe1
Ne5 15. Qe2 Be7 16. f4 Ng6 17. g4 O-O 18. g5 Nxe4 19. Nxe4 Bxe4 20. Nc3 Bb7 21.
Qg4 Qc8 22. h4 Qc6 23. h5 Nh4 24. Nd5 exd5 25. Bd4 Bd8 26. Qxh4 Qxc2 27. h6 g6
28. Rc1 Qf5 29. Bg7 Bb6+ 30. Kh2 Rxa2 31. Re2 Rd8 32. Rce1 Bc6 33. Qg3 Ra4 34.
Rf1 Re4 35. Rxe4 dxe4 36. Qc3 Bb5 37. Bh8 f6 38. Bxf6 Bxf1 39. Bxd8 Qxf4+ 40.
Kh1 Qh4+ 0-1

[Event "4NCL Division 3s"]
[Site "Daventry Court ENG"]
[Date "2015.02.14"]
[Round "5.90"]
[White "Mc Aleenan, Charles"]
[Black "Galer, Sebastian"]
[Result "1/2-1/2"]
[WhiteElo "1775"]
[BlackElo "1875"]
[PlyCount "116"]
[EventDate "2015.02.14"]
[WhiteTeam "Fermented Sharks"]
[BlackTeam "Guildford 4"]

1. d4 d5 2. Bf4 Nf6 3. e3 e6 4. Nf3 c5 5. c3 Nc6 6. Nbd2 cxd4 7. exd4 Bd6 8.
Bg3 Bxg3 9. hxg3 Ne4 10. Nxe4 dxe4 11. Nd2 Qb6 12. Nc4 Qc7 13. Qg4 f5 14. Qg5
O-O 15. Qf4 Qxf4 16. gxf4 Ne7 17. Ne3 Ng6 18. g3 Rd8 19. Bc4 Ne7 20. O-O Nd5
21. Rfd1 a6 22. a4 Kf7 23. a5 Kf6 24. Rac1 b5 25. Be2 Bb7 26. c4 bxc4 27. Bxc4
Rac8 28. b3 Nb4 29. Nc2 Na2 30. Ra1 Nc3 31. Re1 h6 32. Rac1 Nd5 33. Ne3 Nb4 34.
Red1 g5 35. fxg5+ hxg5 36. Kf1 Nc6 37. Bxe6 Kxe6 38. d5+ Kf6 39. dxc6 Rxd1+ 40.
Rxd1 Bxc6 41. Rd6+ Kf7 42. Nxf5 Bb5+ 43. Ke1 Rc5 44. Ne3 Rc3 45. b4 Rb3 46. Rd4
Rb2 47. Ng4 Re2+ 48. Kd1 e3 49. fxe3 Rg2 50. Nh6+ Ke6 51. g4 Re2 52. Nf5 Rg2
53. Rd2 Ba4+ 54. Kc1 Rxg4 55. Nd4+ Ke5 56. b5 Bxb5 57. Nxb5 axb5 58. a6 Ra4
1/2-1/2

[Event "4NCL Division 3s"]
[Site "Daventry Court ENG"]
[Date "2015.02.14"]
[Round "5.95"]
[White "Fallowfield, Jeremy"]
[Black "Stewart, Joseph"]
[Result "1-0"]
[WhiteElo "2055"]
[BlackElo "2201"]
[PlyCount "81"]
[EventDate "2015.02.14"]
[WhiteTeam "Warwickshire Select 2"]
[BlackTeam "West is Best 1"]

1. e4 c5 2. Nf3 d6 3. d4 cxd4 4. Nxd4 Nf6 5. Nc3 a6 6. Bg5 e6 7. f4 h6 8. Bh4
Nbd7 9. Qe2 Qc7 10. O-O-O Be7 11. Kb1 g6 12. g3 e5 13. Nf3 b5 14. Nd5 Nxd5 15.
exd5 f6 16. fxe5 g5 17. Nd4 Nxe5 18. Qh5+ Kd8 19. Bxg5 fxg5 20. Bh3 g4 21. Rhe1
gxh3 22. Rxe5 Bd7 23. Rxe7 Kxe7 24. Qh4+ Kf7 25. Rf1+ Kg8 26. Rf6 Qd8 27. Rg6+
Kf7 28. Qh5 Kf8 29. Qf3+ Ke8 30. Rg7 Qe7 31. Qh5+ Kd8 32. Rxe7 Kxe7 33. Qh4+
Kf7 34. Qh5+ Ke7 35. Qh4+ Kf7 36. Qf4+ Ke7 37. Qe4+ Kd8 38. Ne6+ Kc8 39. Qd4
Kb7 40. Qg7 Rhd8 41. Qe7 1-0

[Event "4NCL Division 3s"]
[Site "Daventry Court ENG"]
[Date "2015.02.14"]
[Round "5.96"]
[White "Edgell, Ben"]
[Black "Page, Mark"]
[Result "1-0"]
[WhiteElo "2133"]
[BlackElo "2079"]
[PlyCount "97"]
[EventDate "2015.02.14"]
[WhiteTeam "West is Best 1"]
[BlackTeam "Warwickshire Select 2"]

1. d4 Nf6 2. Bg5 Ne4 3. Bf4 d5 4. e3 c5 5. c3 Nc6 6. Bd3 Nf6 7. Nd2 e6 8. a3
cxd4 9. cxd4 Bd6 10. Bxd6 Qxd6 11. f4 Ne7 12. Qe2 Qb6 13. Nb1 g6 14. Nc3 Nf5
15. Nf3 O-O 16. O-O Bd7 17. Ne5 Be8 18. Rac1 Nd6 19. Rc2 Nfe4 20. Bxe4 dxe4 21.
Nc4 Nxc4 22. Qxc4 Bc6 23. Qc5 Qxc5 24. dxc5 Rfd8 25. b4 Rd3 26. Re1 a6 27. Kf2
e5 28. fxe5 Re8 29. Rd1 Rxd1 30. Nxd1 Rxe5 31. Rd2 Kf8 32. Nc3 Ke7 33. h4 f5
34. g3 Re6 35. Rd4 h6 36. a4 g5 37. b5 axb5 38. axb5 Be8 39. Rd5 Kf6 40. Rd8 f4
41. gxf4 Ke7 42. Rb8 gxh4 43. Rxb7+ Kd8 44. Rg7 Rg6 45. Rxg6 Bxg6 46. Ne2 Kc7
47. Nd4 Be8 48. b6+ Kb7 49. Kg2 1-0